000 00369 a2200169 4500
001 171816
020 _a85-08-01762-6
040 _cMagnum
100 _aLima, Aristides Fraga
240 1 0 _aOs pequenos jangadeiros
_lpor
245 1 0 _aOs pequenos jangadeiros
300 _a94
362 0 _a1993
440 1 _aÁtica
697 _aLITERATURA JUVENIL
942 _cBK
999 _c171816
_d171816